Słownik nazwisk mieszkańców Ziemi Złotowskiej. (Rekord nr 9342)
| 000 -ETYKIETA REKORDU | |
|---|---|
| podpole kontrolne o stałej długości | 01651nam a2200349 i 4500 |
| 001 - NUMER KONTROLNY REKORDU | |
| podpole kontrolne | 9342 |
| 003 - IDENTYFIKATOR NUMERU KONTROLNEGO REKORDU | |
| podpole kontrolne | KOSZ 005 |
| 005 - DATA OSTATNIEJ MODYFIKACJI REKORDU | |
| podpole kontrolne | 20180507120912.0 |
| 008 - POLE O STAŁEJ DŁUGOŚCI - DANE KONTROLNE | |
| podpole kontrolne o stałej długości | 180326s2011 pl |000 0 pol |
| 015 ## - NUMER BIBLIOGRAFII NARODOWEJ | |
| Numer bibliografii narodowej | PB 2012/19603 |
| 040 ## - ŹRÓDŁO KATALOGOWANIA | |
| Instytucja, która sporządziła opis | WA N |
| Instytucja, która utworzyła rekord | KOSZ 005/HR |
| 080 ## - UNIWERSALNA KLASYFIKACJA DZIESIĘTNA - UKD | |
| UKD | 811.162.1'373.2 |
| 080 ## - UNIWERSALNA KLASYFIKACJA DZIESIĘTNA - UKD | |
| UKD | 811.112.2'373.2 |
| 080 ## - UNIWERSALNA KLASYFIKACJA DZIESIĘTNA - UKD | |
| UKD | 811.162.1'374 |
| 100 ## - NAZWA OSOBOWA | |
| Nazwa osobowa | SUDAKIEWICZ, Lidia Bożena. |
| Instytucja | Politechnika Koszalińska - Instytut Neofilologii i Komunikacji Społecznej |
| Wydział | Zakład Komunikacji i Nauk Społecznych |
| Lata pracy | 2009 - |
| 245 10 - TYTUŁ/ODPOWIEDZIALNOŚĆ | |
| Tytuł | Słownik nazwisk mieszkańców Ziemi Złotowskiej. |
| Oznaczenie części/sekcji dzieła | (Cz. 1, |
| Tytuł części/sekcji dzieła | A-K) / |
| Pozostałe elementy strefy tytułu i oznaczenia odpowiedzialności | Lidia Bożena Sudakiewicz. |
| 260 ## - STREFA ADRESU WYDAWNICZEGO | |
| Miejsce wydania | Koszalin : |
| Nazwa wydawcy/dystrybutora | Wydawnictwo Uczelniane Politechniki Koszalińskiej, |
| Data publikacji, dystrybucji/powstania dokumentu | 2011. |
| 490 1# - STREFA SERII I DOKUMENTU WIELOCZĘŚCIOWEGO - FORMA NIE DO WYSZUKIWANIA | |
| Tytuł i oznaczenie odpowiedzialności serii | Monografia / Instytut Neofilologii i Komunikacji Społecznej. Politechnika Koszalińska. |
| 500 ## - UWAGI OGÓLNE | |
| Tekst uwagi | ISSN 0239-7129 oraz nr 214 odnosi się do pierwotnego tyt. serii: Monografie / Wyższa Szkoła Inżynierska w Koszalinie. |
| 650 #0 - HASŁO PRZEDMIOTOWE W FORMIE NAZWY OGÓLNEJ LUB JEDNOSTKOWEJ | |
| Nazwa ogólna lub geograficzna | Nazwiska niemieckie. |
| 650 #0 - HASŁO PRZEDMIOTOWE W FORMIE NAZWY OGÓLNEJ LUB JEDNOSTKOWEJ | |
| Nazwa ogólna lub geograficzna | Nazwiska polskie. |
| 650 #0 - HASŁO PRZEDMIOTOWE W FORMIE NAZWY OGÓLNEJ LUB JEDNOSTKOWEJ | |
| Nazwa ogólna lub geograficzna | Etymologia. |
| 650 #0 - HASŁO PRZEDMIOTOWE W FORMIE NAZWY OGÓLNEJ LUB JEDNOSTKOWEJ | |
| Nazwa ogólna lub geograficzna | Onomastyka. |
| 651 #4 - HASŁO PRZEDMIOTOWE W FORMIE NAZWY GEOGRAFICZNEJ | |
| Nazwa geograficzna | Złotów (woj. wielkopolskie ; okręg). |
| 9 (RLIN) | 6954 |
| 655 #4 - TERMIN INDEKSOWY - OKREŚLENIE RODZAJU/FORMY DOKUMENTU | |
| Określnie rodzaju/formy dokumentu | Słowniki polskie. |
| 655 #4 - TERMIN INDEKSOWY - OKREŚLENIE RODZAJU/FORMY DOKUMENTU | |
| Określnie rodzaju/formy dokumentu | Słownik etymologiczny. |
| 655 #4 - TERMIN INDEKSOWY - OKREŚLENIE RODZAJU/FORMY DOKUMENTU | |
| Określnie rodzaju/formy dokumentu | Monografia. |
| 830 #0 - HASŁO DODATKOWE SERII LUB DOKUMENTU WIELOCZĘŚCIOWEGO - TYTUŁ UJEDNOLICONY | |
| Tytuł ujednolicony | Monografia Instytutu Neofilologii i Komunikacji Społecznej - Politechnika Koszalińska |
| 856 ## - LOKALIZACJA I DOSTĘP DO ELEKTRONICZNYCH DOKUMENTÓW ZDALNYCH | |
| Link (URL) | http://koha.tu.koszalin.pl/cgi-bin/koha/opac-detail.pl?biblionumber=60876 |
| Tekst linku | Katalog online BPK |
| 856 ## - LOKALIZACJA I DOSTĘP DO ELEKTRONICZNYCH DOKUMENTÓW ZDALNYCH | |
| Link (URL) | http://dlibra.tu.koszalin.pl/dlibra/docmetadata?id=957&from=&dirids=1&ver_id=&lp=1&QI= |
| Tekst linku | Biblioteka Cyfrowa |
| 942 ## - HASŁO DODATKOWE - ELEMENTY(KOHA) | |
| Schemat klasyfikacji | Uniwersalna klasyfikacja dziesiętna |
| Typ dokumentu | Książka |
Brak dostępnych egzemplarzy.
